000 00274nam a22000977a 4500
100 _aCHOO, K.T.
_aLIM, S.C.
245 _aMalaysian timbers-White Meranti (Timber trade leaflet No. 102)
260 _aMalaysia
_bForest Research Institute of Malaysia
300 _a12
942 _cRE
999 _c75417
_d75417